Francouzština pro ekonomy klíč k učebnímu textu
Salvato in:
| Autore principale: | |
|---|---|
| Ente Autore: | |
| Altri autori: | , |
| Natura: | Libro |
| Lingua: | ceco |
| Pubblicazione: |
Praha
Státní pedagogické nakladatelství
1982
|
| Edizione: | 4. vyd. |
| Tags: |
Nessun Tag, puoi essere il primo ad aggiungerne!!
|
MARC
| LEADER | 00000nam a2200000 4500 | ||
|---|---|---|---|
| 001 | c133956 | ||
| 005 | 20190425092846.2 | ||
| 041 | 0 | |a cze | |
| 044 | |a CZ | ||
| 245 | 1 | 0 | |a Francouzština pro ekonomy |b klíč k učebnímu textu |c Marie Májovská, Olga Velíšková, Ladislav Veselský |
| 250 | |a 4. vyd. | ||
| 264 | 1 | |a Praha |b Státní pedagogické nakladatelství |c 1982 | |
| 300 | |a 91 s. | ||
| 100 | 1 | |a Májovská, Marie | |
| 700 | 1 | |a Veselský, Ladislav | |
| 700 | 1 | |a Velíšková, Olga | |
| 710 | 2 | |a Vysoká škola ekonomická v Praze. Obchodní fakulta | |